[Event "c14"]
[Site "?"]
[Date "2020.08.25"]
[Round "2.3"]
[White "Chyzy, Jakub"]
[Black "Kazmierowski, Tymon"]
[Result "1-0"]
[BlackElo "1574"]
[WhiteElo "1930"]
[LiveChessVersion "1.4.8"]

1. e4 {[%clk 0:15:19]} c5 {[%clk 0:15:19]} 2. Nf3 {[%clk 0:15:26]} d6
{[%clk 0:15:27]} 3. d4 {[%clk 0:15:36]} cxd4 {[%clk 0:15:36]} 4. Qxd4
{[%clk 0:15:45]} e5 {[%clk 0:15:43]} 5. Bb5+ {[%clk 0:15:37]} Nd7
{[%clk 0:15:51]} 6. Qd3 {[%clk 0:15:26]} a6 {[%clk 0:15:58]} 7. Bxd7+
{[%clk 0:14:52]} Bxd7 {[%clk 0:16:06]} 8. c4 {[%clk 0:15:00]} b5 {[%clk 0:16:10]}
9. Nc3 {[%clk 0:14:54]} bxc4 {[%clk 0:15:55]} 10. Qxc4 {[%clk 0:15:03]} Be6
{[%clk 0:15:31]} 11. Qd3 {[%clk 0:13:23]} h6 {[%clk 0:13:44]} 12. O-O
{[%clk 0:13:18]} Nf6 {[%clk 0:13:52]} 13. Rd1 {[%clk 0:12:42]} Be7
{[%clk 0:13:51]} 14. Nh4 {[%clk 0:12:04]} O-O {[%clk 0:13:08]} 15. Nf5
{[%clk 0:11:29]} Bxf5 {[%clk 0:12:13]} 16. exf5 {[%clk 0:11:38]} Qd7
{[%clk 0:11:46]} 17. Be3 {[%clk 0:11:22]} Rfd8 {[%clk 0:11:25]} 18. a4
{[%clk 0:10:03]} Qb7 {[%clk 0:07:49]} 19. a5 {[%clk 0:09:00]} d5 {[%clk 0:07:28]}
20. Bb6 {[%clk 0:08:43]} Rd7 {[%clk 0:07:32]} 21. Qe2 {[%clk 0:07:46]} d4
{[%clk 0:06:17]} 22. Na4 {[%clk 0:07:11]} Qd5 {[%clk 0:05:53]} 23. f4
{[%clk 0:05:08]} exf4 {[%clk 0:01:13]} 24. Bxd4 {[%clk 0:04:49]} Qxf5
{[%clk 0:01:07]} 25. Nb6 {[%clk 0:04:23]} Rxd4 {[%clk 0:00:42]} 26. Nxa8
{[%clk 0:03:48]} Bc5 {[%clk 0:00:46]} 27. Rxd4 {[%clk 0:02:44]} Bxd4+
{[%clk 0:00:55]} 28. Kh1 {[%clk 0:02:53]} Ne4 {[%clk 0:00:54]} 29. Rf1
{[%clk 0:02:30]} Qe5 {[%clk 0:00:28]} 30. Re1 {[%clk 0:02:12]} f5
{[%clk 0:00:13]} 31. Nb6 {[%clk 0:02:09]} Nf2+ {[%clk 0:00:22]} 32. Qxf2
{[%clk 0:02:17]} 1-0

[Event "c14"]
[Site "?"]
[Date "2020.08.25"]
[Round "2.4"]
[White "Rog, Bartlomiej"]
[Black "Wojdak, Jan"]
[Result "1-0"]
[BlackElo "1917"]
[WhiteElo "1550"]
[LiveChessVersion "1.4.8"]

1. e4 {[%clk 0:15:10]} c5 {[%clk 0:15:17]} 2. Nf3 {[%clk 0:15:19]} Nc6
{[%clk 0:15:26]} 3. Bb5 {[%clk 0:15:26]} d6 {[%clk 0:15:34]} 4. Bxc6+
{[%clk 0:15:31]} bxc6 {[%clk 0:15:43]} 5. O-O {[%clk 0:15:40]} e5
{[%clk 0:15:51]} 6. d3 {[%clk 0:15:16]} g6 {[%clk 0:14:15]} 7. Nbd2
{[%clk 0:15:07]} Bg7 {[%clk 0:14:24]} 8. Nc4 {[%clk 0:15:13]} Ne7
{[%clk 0:14:05]} 9. Bd2 {[%clk 0:14:25]} Be6 {[%clk 0:13:00]} 10. Ng5
{[%clk 0:12:34]} Bxc4 {[%clk 0:10:34]} 11. dxc4 {[%clk 0:12:44]} h6
{[%clk 0:10:42]} 12. Nf3 {[%clk 0:12:46]} g5 {[%clk 0:10:51]} 13. h3
{[%clk 0:12:19]} Ng6 {[%clk 0:11:00]} 14. Be3 {[%clk 0:12:01]} Qe7
{[%clk 0:10:40]} 15. Qd2 {[%clk 0:10:55]} Nf4 {[%clk 0:09:12]} 16. Rfe1
{[%clk 0:09:32]} Rg8 {[%clk 0:06:08]} 17. Rad1 {[%clk 0:08:24]} Bf8
{[%clk 0:06:17]} 18. Bxf4 {[%clk 0:08:14]} gxf4 {[%clk 0:06:21]} 19. Kh2
{[%clk 0:08:11]} Qe6 {[%clk 0:04:17]} 20. Qa5 {[%clk 0:07:30]} Be7
{[%clk 0:03:45]} 21. Qa6 {[%clk 0:06:57]} Qc8 {[%clk 0:03:52]} 22. Qxc8+
{[%clk 0:06:42]} Rxc8 23. Rd3 Rb8 {[%clk 0:03:56]} 24. Rb1 {[%clk 0:05:29]} f5
{[%clk 0:03:41]} 25. Nd2 {[%clk 0:05:24]} Rd8 {[%clk 0:02:14]} 26. exf5 d5 27.
Ra3 {[%clk 0:04:06]} e4 {[%clk 0:00:55]} 28. Rxa7 {[%clk 0:03:53]} Bd6
{[%clk 0:01:02]} 29. Kh1 {[%clk 0:03:48]} e3 {[%clk 0:01:02]} 30. Re1
{[%clk 0:03:18]} d4 {[%clk 0:01:11]} 31. fxe3 {[%clk 0:03:12]} dxe3
{[%clk 0:01:04]} 32. Ne4 {[%clk 0:03:22]} Be5 {[%clk 0:01:09]} 33. f6
{[%clk 0:02:56]} Kf8 {[%clk 0:00:24]} 34. Nxc5 {[%clk 0:03:01]} Bxf6
{[%clk 0:00:20]} 35. Ne6+ {[%clk 0:03:06]} Ke8 {[%clk 0:00:30]} 36. Nxd8
{[%clk 0:03:15]} Bxd8 {[%clk 0:00:39]} 37. Rd1 {[%clk 0:01:05]} f3
{[%clk 0:00:14]} 38. gxf3 {[%clk 0:00:45]} 1-0

[Event "c14"]
[Site "?"]
[Date "2020.08.25"]
[Round "2.5"]
[White "Fiszer, Bartosz"]
[Black "Wieczorek, Mikolaj"]
[Result "1-0"]
[BlackElo "1550"]
[WhiteElo "1890"]
[LiveChessVersion "1.4.8"]

1. e4 c5 2. Nf3 d6 3. d4 cxd4 4. Nxd4 Nf6 5. Nc3 a6 6. h4 e5 7. Nb3 Be7 8. Bg5
Be6 9. Qd2 h6 10. Bxf6 Bxf6 11. g3 Nc6 12. O-O-O Bxb3 13. axb3 Nd4 14. Ne2 Rc8
15. Nxd4 exd4 16. Bd3 Qb6 17. Kb1 a5 18. f4 Kd8 19. g4 Kc7 20. g5 hxg5 21. hxg5
Be7 22. Bc4 Kb8 23. Bxf7 Rxh1 24. Rxh1 Qc5 25. Be6 Rf8 26. Bd5 a4 27. bxa4 Bd8
28. c3 dxc3 29. Qxc3 Qxc3 30. bxc3 Rxf4 31. Rh8 Kc7 32. Rh7 Kb6 33. Rxg7 Rg4 34.
g6 Bf6 35. Rxb7+ Ka6 36. Rc7 Rxg6 37. Rc6+ Ka5 38. Rxd6 Rg1+ 39. Kc2 Rg2+ 40. Kd3
Rg3+ 41. Ke2 Bxc3 42. Bc6 Bg7 43. Bb5 Kb4 44. Rd3 Rg1 45. Kf3 Be5 46. Rd5 Bc3 47.
Kf4 Re1 48. Kf5 Ka5 49. e5 Kb6 50. e6 Bb4 51. Kf6 Re3 52. Rf5 Kc7 53. Kf7 Rh3 54.
Rf4 Rh7+ 55. Kg6 Bd6 56. Rc4+ 1-0

[Event "c14"]
[Site "?"]
[Date "2020.08.25"]
[Round "2.6"]
[White "Malek, Jan"]
[Black "Starosciak, Szymon"]
[Result "1-0"]
[BlackElo "1543"]
[WhiteElo "1843"]
[LiveChessVersion "1.4.8"]

1. e4 {[%clk 0:15:18]} c5 2. c3 {[%clk 0:15:27]} Nf6 {[%clk 0:15:24]} 3. e5
{[%clk 0:15:36]} Nd5 {[%clk 0:15:33]} 4. g3 {[%clk 0:15:45]} d6 {[%clk 0:14:58]}
5. exd6 {[%clk 0:15:51]} Qxd6 {[%clk 0:15:03]} 6. Bg2 {[%clk 0:15:58]} Nc6
{[%clk 0:14:59]} 7. Nf3 {[%clk 0:16:04]} g6 {[%clk 0:14:52]} 8. O-O
{[%clk 0:16:11]} Bg7 {[%clk 0:15:00]} 9. d4 {[%clk 0:15:52]} cxd4
{[%clk 0:15:08]} 10. cxd4 {[%clk 0:15:53]} Bg4 {[%clk 0:14:14]} 11. Nc3
{[%clk 0:13:10]} O-O {[%clk 0:08:37]} 12. Be3 {[%clk 0:10:34]} Nxe3
{[%clk 0:07:44]} 13. fxe3 {[%clk 0:10:40]} e5 {[%clk 0:07:46]} 14. d5
{[%clk 0:10:25]} Ne7 {[%clk 0:06:20]} 15. Qb3 {[%clk 0:08:38]} Nf5
{[%clk 0:03:41]} 16. Rfe1 {[%clk 0:07:56]} Qc5 {[%clk 0:02:23]} 17. Nd2
{[%clk 0:07:29]} Nxe3 {[%clk 0:01:06]} 18. Nce4 {[%clk 0:07:21]} Nxg2+
{[%clk 0:00:23]} 19. Nxc5 {[%clk 0:07:27]} Nxe1 {[%clk 0:00:31]} 20. Rxe1
{[%clk 0:07:33]} Rac8 {[%clk 0:00:35]} 21. Nce4 {[%clk 0:07:18]} f5
{[%clk 0:00:31]} 22. Ng5 {[%clk 0:06:57]} Bh6 {[%clk 0:00:32]} 23. d6+
{[%clk 0:06:43]} Kh8 {[%clk 0:00:25]} 24. Nf7+ {[%clk 0:06:45]} Rxf7
{[%clk 0:00:23]} 25. Qxf7 {[%clk 0:06:50]} Bxd2 {[%clk 0:00:20]} 26. Qf6+
{[%clk 0:06:54]} 1-0

[Event "c14"]
[Site "?"]
[Date "2020.08.25"]
[Round "2.7"]
[White "Gromek, Pawel"]
[Black "Paprocki, Antoni"]
[Result "0-1"]
[BlackElo "1843"]
[WhiteElo "1544"]
[LiveChessVersion "1.4.8"]

1. e4 {[%clk 0:15:18]} c5 {[%clk 0:15:19]} 2. Nf3 {[%clk 0:15:26]} d6
{[%clk 0:15:28]} 3. d4 {[%clk 0:15:34]} cxd4 {[%clk 0:15:37]} 4. Nxd4
{[%clk 0:15:43]} Nf6 {[%clk 0:15:46]} 5. Nc3 {[%clk 0:15:51]} a6 {[%clk 0:15:56]}
6. Be3 {[%clk 0:15:57]} e5 {[%clk 0:16:04]} 7. Nf3 {[%clk 0:16:02]} Qc7
{[%clk 0:15:58]} 8. Bd3 {[%clk 0:15:58]} Be7 {[%clk 0:16:01]} 9. O-O
{[%clk 0:16:03]} O-O {[%clk 0:16:09]} 10. Bg5 {[%clk 0:15:29]} Nbd7
{[%clk 0:15:23]} 11. Re1 {[%clk 0:13:54]} b5 {[%clk 0:14:45]} 12. Qd2
{[%clk 0:11:01]} Bb7 {[%clk 0:14:19]} 13. Nh4 {[%clk 0:08:55]} Rfe8
{[%clk 0:11:42]} 14. Nf5 {[%clk 0:07:16]} Bf8 {[%clk 0:10:40]} 15. Re3
{[%clk 0:04:32]} g6 {[%clk 0:10:15]} 16. Nh6+ {[%clk 0:02:24]} Bxh6
{[%clk 0:10:23]} 17. Bxh6 {[%clk 0:02:31]} Nc5 {[%clk 0:07:41]} 18. Rae1
{[%clk 0:00:46]} b4 {[%clk 0:07:19]} 19. Nd5 {[%clk 0:00:33]} Bxd5
{[%clk 0:07:13]} 20. exd5 {[%clk 0:00:42]} Nxd5 {[%clk 0:07:22]} 21. Rh3
{[%clk 0:00:46]} Nf4 {[%clk 0:05:49]} 22. Bxf4 {[%clk 0:00:46]} exf4
{[%clk 0:05:58]} 23. Rxe8+ {[%clk 0:00:26]} Rxe8 {[%clk 0:06:06]} 24. Rf3
{[%clk 0:00:17]} Qe7 {[%clk 0:05:07]} 0-1

[Event "c14"]
[Site "?"]
[Date "2020.08.25"]
[Round "2.8"]
[White "Kutowski, Marcel"]
[Black "Jendrowiak, Maciej"]
[Result "1-0"]
[BlackElo "1522"]
[WhiteElo "1819"]
[LiveChessVersion "1.4.8"]

1. e4 {[%clk 0:15:18]} c6 {[%clk 0:15:20]} 2. d4 {[%clk 0:15:27]} d5
{[%clk 0:15:29]} 3. e5 {[%clk 0:15:30]} Bf5 {[%clk 0:15:07]} 4. h4
{[%clk 0:15:34]} h5 {[%clk 0:14:39]} 5. Bd3 {[%clk 0:15:20]} Bxd3
{[%clk 0:14:41]} 6. Qxd3 {[%clk 0:15:28]} e6 {[%clk 0:14:47]} 7. Nf3
{[%clk 0:15:31]} Nd7 {[%clk 0:14:42]} 8. Bg5 {[%clk 0:15:18]} Be7
{[%clk 0:14:46]} 9. Nbd2 {[%clk 0:15:15]} Qb6 {[%clk 0:14:31]} 10. O-O
{[%clk 0:15:08]} O-O-O {[%clk 0:13:03]} 11. Bxe7 {[%clk 0:14:48]} Nxe7
{[%clk 0:13:11]} 12. c4 {[%clk 0:14:57]} Kb8 {[%clk 0:13:01]} 13. c5
{[%clk 0:13:20]} Qc7 {[%clk 0:12:14]} 14. Ng5 {[%clk 0:13:20]} Rdf8
{[%clk 0:12:05]} 15. b4 {[%clk 0:13:15]} Nf5 {[%clk 0:11:58]} 16. g3
{[%clk 0:11:49]} a5 {[%clk 0:08:11]} 17. Rab1 {[%clk 0:10:55]} Re8
{[%clk 0:07:18]} 18. Nxf7 {[%clk 0:10:10]} Rhf8 {[%clk 0:07:12]} 19. Nd6
{[%clk 0:09:42]} Nxd6 {[%clk 0:07:15]} 20. cxd6 {[%clk 0:09:48]} Qd8
{[%clk 0:07:23]} 21. bxa5 {[%clk 0:09:26]} Qxa5 {[%clk 0:07:28]} 22. Nb3
{[%clk 0:07:14]} Qa7 23. Qc3 {[%clk 0:06:28]} Nb6 {[%clk 0:04:33]} 24. Nc5
{[%clk 0:06:15]} Rf7 {[%clk 0:04:18]} 25. Qb4 {[%clk 0:05:17]} Nc4
{[%clk 0:01:29]} 26. d7 {[%clk 0:05:09]} Rd8 {[%clk 0:01:38]} 27. Qxb7+
{[%clk 0:03:20]} Qxb7 {[%clk 0:01:46]} 28. Rxb7+ {[%clk 0:03:27]} Ka8
{[%clk 0:01:56]} 29. Rfb1 {[%clk 0:03:33]} Na5 {[%clk 0:01:37]} 30. Rb8+
{[%clk 0:03:29]} Rxb8 {[%clk 0:01:45]} 31. Rxb8+ {[%clk 0:03:38]} 1-0

[Event "c14"]
[Site "?"]
[Date "2020.08.25"]
[Round "2.9"]
[White "Myrmus, Mateusz"]
[Black "Trzebinski, Patryk"]
[Result "1/2-1/2"]
[BlackElo "1815"]
[WhiteElo "1539"]
[LiveChessVersion "1.4.8"]

1. e4 {[%clk 0:15:18]} c5 {[%clk 0:15:19]} 2. c3 {[%clk 0:15:25]} d5
{[%clk 0:15:27]} 3. exd5 {[%clk 0:15:33]} Qxd5 {[%clk 0:15:36]} 4. d4
{[%clk 0:15:41]} Nc6 {[%clk 0:15:40]} 5. Nf3 {[%clk 0:15:48]} Bg4
{[%clk 0:15:01]} 6. Nbd2 {[%clk 0:15:47]} O-O-O {[%clk 0:13:56]} 7. Bc4
{[%clk 0:15:05]} Qh5 {[%clk 0:13:12]} 8. Qb3 {[%clk 0:12:58]} e6 {[%clk 0:12:02]}
9. dxc5 {[%clk 0:12:26]} Bxc5 {[%clk 0:10:57]} 10. O-O {[%clk 0:12:25]} Nf6
{[%clk 0:09:35]} 11. Bb5 {[%clk 0:11:57]} Ne7 {[%clk 0:08:50]} 12. Qc4
{[%clk 0:10:38]} Kb8 {[%clk 0:08:33]} 13. Nb3 {[%clk 0:09:27]} Bd6
{[%clk 0:07:44]} 14. Bf4 {[%clk 0:07:46]} e5 {[%clk 0:06:53]} 15. Bg3
{[%clk 0:07:35]} Bxf3 {[%clk 0:06:43]} 16. gxf3 {[%clk 0:07:43]} Qxf3
{[%clk 0:06:33]} 17. Qxf7 {[%clk 0:07:05]} h5 {[%clk 0:06:22]} 18. Rad1
{[%clk 0:06:23]} Nf5 {[%clk 0:02:32]} 19. Rd3 {[%clk 0:04:22]} Qg4
{[%clk 0:02:12]} 20. Rfd1 {[%clk 0:02:45]} h4 {[%clk 0:01:54]} 21. Na5
{[%clk 0:02:53]} Ne7 {[%clk 0:00:35]} 22. Rxd6 {[%clk 0:01:38]} Rxd6
{[%clk 0:00:43]} 23. Rxd6 {[%clk 0:01:46]} hxg3 {[%clk 0:00:51]} 24. fxg3
{[%clk 0:01:26]} Qc8 {[%clk 0:00:23]} 25. Qxe7 {[%clk 0:00:51]} Qc5+
{[%clk 0:00:18]} 26. Kg2 {[%clk 0:00:58]} Rxh2+ {[%clk 0:00:25]} 27. Kxh2
{[%clk 0:01:03]} Qf2+ {[%clk 0:00:34]} 28. Kh3 {[%clk 0:01:03]} Qf5+
{[%clk 0:00:43]} 29. Kg2 {[%clk 0:00:57]} Qe4+ {[%clk 0:00:52]} 30. Kg1
{[%clk 0:01:00]} Qe3+ {[%clk 0:00:57]} 31. Kh1 {[%clk 0:01:04]} Qf3+
{[%clk 0:00:28]} 32. Kg1 {[%clk 0:01:07]} 1/2-1/2

[Event "c14"]
[Site "?"]
[Date "2020.08.25"]
[Round "2.10"]
[White "Kejna, Piotr"]
[Black "Kusiak, Mateusz"]
[Result "1-0"]
[BlackElo "1521"]
[WhiteElo "1812"]
[LiveChessVersion "1.4.8"]

1. e4 {[%clk 0:15:19]} c5 {[%clk 0:15:19]} 2. Nf3 {[%clk 0:15:28]} Nc6
{[%clk 0:15:28]} 3. d4 {[%clk 0:15:32]} cxd4 {[%clk 0:15:36]} 4. Nxd4
{[%clk 0:15:41]} g6 {[%clk 0:15:44]} 5. Nc3 {[%clk 0:15:47]} Bg7 {[%clk 0:15:50]}
6. Be3 {[%clk 0:15:55]} Nf6 {[%clk 0:15:59]} 7. Bc4 {[%clk 0:15:58]} Qa5
{[%clk 0:16:06]} 8. O-O {[%clk 0:15:38]} O-O {[%clk 0:16:14]} 9. f3
{[%clk 0:15:42]} d6 {[%clk 0:15:55]} 10. Qd2 {[%clk 0:15:19]} Nxd4
{[%clk 0:15:05]} 11. Bxd4 {[%clk 0:15:19]} Qb4 {[%clk 0:15:09]} 12. Qd3
{[%clk 0:14:25]} Bd7 {[%clk 0:14:33]} 13. Bb3 {[%clk 0:13:54]} Rfc8
{[%clk 0:13:43]} 14. Kh1 {[%clk 0:13:25]} Bc6 {[%clk 0:12:08]} 15. Rad1
{[%clk 0:12:17]} Qa5 {[%clk 0:12:01]} 16. Rfe1 {[%clk 0:11:05]} Rd8
{[%clk 0:07:11]} 17. Qc4 {[%clk 0:09:12]} e6 {[%clk 0:04:40]} 18. Qd3
{[%clk 0:08:26]} Qh5 {[%clk 0:04:18]} 19. Qe3 {[%clk 0:07:24]} b6
{[%clk 0:03:11]} 20. Qf2 {[%clk 0:06:02]} d5 {[%clk 0:02:28]} 21. exd5
{[%clk 0:06:05]} Nxd5 {[%clk 0:02:33]} 22. Nxd5 {[%clk 0:06:10]} Bxd5
{[%clk 0:02:35]} 23. Bxg7 {[%clk 0:05:18]} Kxg7 {[%clk 0:02:43]} 24. Qd4+
{[%clk 0:05:09]} Kg8 {[%clk 0:02:49]} 25. Re5 {[%clk 0:05:05]} Qh6
{[%clk 0:02:37]} 26. Bxd5 {[%clk 0:05:14]} Qg7 {[%clk 0:02:18]} 27. c4
{[%clk 0:04:07]} Rd6 {[%clk 0:01:27]} 28. Qc3 {[%clk 0:02:10]} Rad8
{[%clk 0:01:09]} 29. h3 {[%clk 0:01:46]} Kh8 {[%clk 0:00:38]} 30. Rde1
{[%clk 0:01:48]} a6 {[%clk 0:00:17]} 31. Bb7 {[%clk 0:00:47]} Rd1
{[%clk 0:00:17]} 32. Kh2 {[%clk 0:00:31]} R8d3 {[%clk 0:00:21]} 33. Rxd1
{[%clk 0:00:27]} Rxc3 {[%clk 0:00:29]} 34. Rd8+ {[%clk 0:00:36]} 1-0

[Event "c14"]
[Site "?"]
[Date "2020.08.25"]
[Round "2.11"]
[White "Pancewicz, Szymon"]
[Black "Jeda, Maciej"]
[Result "0-1"]
[BlackElo "1806"]
[WhiteElo "1521"]
[LiveChessVersion "1.4.8"]

1. e4 {[%clk 0:15:15]} c5 {[%clk 0:15:19]} 2. Nf3 {[%clk 0:15:20]} d6
{[%clk 0:15:28]} 3. d4 {[%clk 0:15:25]} cxd4 {[%clk 0:15:36]} 4. Nxd4
{[%clk 0:15:32]} Nf6 {[%clk 0:15:44]} 5. Nc3 {[%clk 0:15:25]} g6 {[%clk 0:15:52]}
6. Be3 {[%clk 0:15:10]} Bg7 {[%clk 0:16:00]} 7. f3 {[%clk 0:14:48]} O-O
{[%clk 0:16:03]} 8. Bc4 {[%clk 0:14:23]} Nc6 {[%clk 0:15:50]} 9. Qd2
{[%clk 0:14:00]} Bd7 {[%clk 0:15:51]} 10. O-O-O {[%clk 0:12:53]} Rc8
{[%clk 0:15:45]} 11. Bb3 {[%clk 0:12:43]} Ne5 {[%clk 0:15:43]} 12. g4
{[%clk 0:10:45]} b5 {[%clk 0:15:32]} 13. h4 {[%clk 0:09:43]} b4 {[%clk 0:13:17]}
14. Nd5 {[%clk 0:08:37]} Nxd5 {[%clk 0:11:56]} 15. Bxd5 {[%clk 0:07:36]} e6
{[%clk 0:09:41]} 16. Bb3 {[%clk 0:06:00]} a5 {[%clk 0:08:38]} 17. h5
{[%clk 0:04:08]} Qe7 {[%clk 0:07:46]} 18. hxg6 {[%clk 0:01:14]} fxg6
{[%clk 0:07:45]} 19. Qh2 {[%clk 0:00:43]} Kf7 {[%clk 0:03:32]} 20. Nf5
{[%clk 0:00:30]} gxf5 {[%clk 0:03:24]} 21. Qh5+ {[%clk 0:00:28]} Ng6
{[%clk 0:02:54]} 22. gxf5 {[%clk 0:00:36]} a4 {[%clk 0:01:14]} 23. Bg5
{[%clk 0:00:24]} Bf6 {[%clk 0:01:22]} 24. Qxh7+ {[%clk 0:00:31]} Ke8
{[%clk 0:01:31]} 25. Qxg6+ {[%clk 0:00:39]} Kd8 {[%clk 0:01:38]} 26. Bxf6
{[%clk 0:00:18]} Rxf6 {[%clk 0:01:28]} 27. Rh8+ {[%clk 0:00:13]} Kc7
{[%clk 0:01:37]} 28. Rxc8+ {[%clk 0:00:22]} Bxc8 {[%clk 0:01:45]} 29. Qg5
{[%clk 0:00:15]} axb3 {[%clk 0:01:51]} 30. cxb3 {[%clk 0:00:19]} exf5
{[%clk 0:01:46]} 31. Kb1 {[%clk 0:00:14]} Kd8 {[%clk 0:01:04]} 32. Qg8+
{[%clk 0:00:15]} Rf8 {[%clk 0:01:02]} 33. Qd5 {[%clk 0:00:20]} fxe4
{[%clk 0:00:24]} 34. fxe4 {[%clk 0:00:17]} Bb7 {[%clk 0:00:16]} 35. Qa5+
{[%clk 0:00:24]} Kc8 {[%clk 0:00:18]} 36. Qxb4 {[%clk 0:00:31]} Qxe4+
{[%clk 0:00:17]} 37. Qxe4 {[%clk 0:00:40]} Bxe4+ {[%clk 0:00:26]} 38. Kc1
{[%clk 0:00:42]} d5 {[%clk 0:00:35]} 39. Kd2 {[%clk 0:00:13]} Rf2+
{[%clk 0:00:40]} 40. Kc3 {[%clk 0:00:21]} Rc2+ {[%clk 0:00:33]} 41. Kb4
{[%clk 0:00:13]} Rxb2 {[%clk 0:00:40]} 42. a4 {[%clk 0:00:19]} Kb7
{[%clk 0:00:17]} 43. Rd4 {[%clk 0:00:14]} Kc6 {[%clk 0:00:19]} 44. Rd1
{[%clk 0:00:20]} Kd6 {[%clk 0:00:11]} 45. Kc3 {[%clk 0:00:27]} Rh2
{[%clk 0:00:19]} 46. b4 {[%clk 0:00:31]} Rh3+ {[%clk 0:00:27]} 47. Kd4
{[%clk 0:00:26]} Rb3 {[%clk 0:00:35]} 48. a5 {[%clk 0:00:17]} Rxb4+
{[%clk 0:00:42]} 49. Kc3 {[%clk 0:00:25]} Ra4 {[%clk 0:00:47]} 50. Rg1
{[%clk 0:00:15]} Rxa5 {[%clk 0:00:55]} 51. Rg6+ {[%clk 0:00:24]} Kc5
{[%clk 0:01:05]} 52. Rg8 {[%clk 0:00:32]} d4+ {[%clk 0:01:08]} 53. Kd2
{[%clk 0:00:39]} Ra2+ {[%clk 0:01:16]} 54. Kd1 {[%clk 0:00:48]} Kc4
{[%clk 0:01:24]} 55. Rc8+ {[%clk 0:00:56]} Kd3 {[%clk 0:01:32]} 56. Kc1
{[%clk 0:00:54]} Ke3 {[%clk 0:01:34]} 57. Rh8 {[%clk 0:00:58]} Ra1+
{[%clk 0:01:37]} 58. Kb2 {[%clk 0:01:08]} Rb1+ {[%clk 0:01:46]} 59. Ka2
{[%clk 0:01:16]} Rb7 {[%clk 0:01:54]} 60. Rh3+ {[%clk 0:01:17]} Bf3
{[%clk 0:02:03]} 61. Ka1 {[%clk 0:01:17]} d3 {[%clk 0:02:11]} 62. Rh2
{[%clk 0:01:26]} d2 {[%clk 0:02:20]} 0-1

[Event "c14"]
[Site "?"]
[Date "2020.08.25"]
[Round "2.12"]
[White "Meers, Hubert"]
[Black "Wilk, Igor"]
[Result "1-0"]
[BlackElo "1514"]
[WhiteElo "1802"]
[LiveChessVersion "1.4.8"]

1. Nf3 {[%clk 0:14:59]} Nf6 {[%clk 0:15:18]} 2. g3 {[%clk 0:15:08]} d5
{[%clk 0:15:26]} 3. Bg2 {[%clk 0:15:16]} e6 {[%clk 0:15:34]} 4. O-O
{[%clk 0:15:20]} Be7 {[%clk 0:15:42]} 5. d3 {[%clk 0:15:28]} O-O {[%clk 0:15:49]}
6. Nbd2 {[%clk 0:15:26]} b6 {[%clk 0:15:57]} 7. b3 {[%clk 0:15:30]} Bb7
{[%clk 0:16:04]} 8. Bb2 {[%clk 0:15:39]} Nbd7 {[%clk 0:16:06]} 9. c4
{[%clk 0:15:40]} c5 {[%clk 0:16:08]} 10. Ne5 {[%clk 0:15:03]} Qc7
{[%clk 0:15:35]} 11. Nxd7 {[%clk 0:14:45]} Qxd7 {[%clk 0:15:27]} 12. e3
{[%clk 0:14:21]} dxc4 {[%clk 0:15:05]} 13. Bxb7 Qxb7 14. Nxc4 {[%clk 0:13:15]}
Rfd8 {[%clk 0:14:48]} 15. Qe2 {[%clk 0:13:19]} Nd7 {[%clk 0:10:40]} 16. Rfd1
{[%clk 0:06:58]} Qc7 {[%clk 0:06:49]} 17. Rac1 {[%clk 0:06:29]} b5
{[%clk 0:06:21]} 18. Nd2 {[%clk 0:06:26]} Qb6 {[%clk 0:06:28]} 19. Ne4
{[%clk 0:06:26]} f5 {[%clk 0:06:22]} 20. Nd2 {[%clk 0:06:13]} Bf6
{[%clk 0:06:21]} 21. Nf3 {[%clk 0:06:16]} e5 {[%clk 0:05:46]} 22. e4
{[%clk 0:02:27]} fxe4 {[%clk 0:05:48]} 23. Qxe4 {[%clk 0:02:18]} Re8
{[%clk 0:04:22]} 24. Re1 {[%clk 0:01:49]} Qd6 {[%clk 0:04:12]} 25. Nh4
{[%clk 0:00:11]} Bxh4 {[%clk 0:03:47]} 26. Qxh4 {[%clk 0:00:20]} Qxd3
{[%clk 0:03:23]} 27. Rcd1 {[%clk 0:00:29]} Qf5 {[%clk 0:03:32]} 28. Qe4
{[%clk 0:00:37]} Qxe4 {[%clk 0:02:57]} 29. Rxe4 {[%clk 0:00:46]} Rad8
{[%clk 0:03:04]} 30. Rd6 {[%clk 0:00:14]} Kf7 {[%clk 0:02:41]} 31. Ra6
{[%clk 0:00:16]} Ra8 {[%clk 0:02:21]} 32. a4 {[%clk 0:00:26]} b4 {[%clk 0:02:10]}
33. Rd6 {[%clk 0:00:18]} Ke7 {[%clk 0:01:29]} 34. Rc6 {[%clk 0:00:27]} Rec8
{[%clk 0:01:11]} 35. Rxc8 Rxc8 36. Bxe5 {[%clk 0:00:31]} Nxe5 {[%clk 0:01:20]}
37. Rxe5+ {[%clk 0:00:40]} Kd6 {[%clk 0:01:29]} 38. f4 {[%clk 0:00:20]} c4
{[%clk 0:01:12]} 39. bxc4 {[%clk 0:00:29]} Rxc4 {[%clk 0:01:21]} 40. Rb5
{[%clk 0:00:38]} Kc7 {[%clk 0:01:15]} 41. a5 {[%clk 0:00:29]} Rc1+
{[%clk 0:01:05]} 42. Kf2 {[%clk 0:00:38]} Rb1 {[%clk 0:01:15]} 43. a6
{[%clk 0:00:42]} b3 {[%clk 0:01:14]} 44. Kf3 {[%clk 0:00:16]} h5 {[%clk 0:01:08]}
45. Ke4 {[%clk 0:00:17]} b2 {[%clk 0:00:32]} 46. Kf5 {[%clk 0:00:23]} Ra1
{[%clk 0:00:34]} 47. Rb7+ {[%clk 0:00:21]} Kd8 {[%clk 0:00:36]} 48. Rxb2
{[%clk 0:00:28]} Rxa6 {[%clk 0:00:45]} 49. Rb8+ {[%clk 0:00:31]} Ke7
{[%clk 0:00:52]} 50. Rb7+ {[%clk 0:00:37]} Kf8 {[%clk 0:00:57]} 51. Kg5
{[%clk 0:00:44]} g6 {[%clk 0:00:47]} 52. h3 {[%clk 0:00:27]} Kg8 {[%clk 0:00:39]}
53. g4 {[%clk 0:00:30]} hxg4 {[%clk 0:00:48]} 54. hxg4 {[%clk 0:00:40]} Kf8
{[%clk 0:00:46]} 55. f5 {[%clk 0:00:37]} gxf5 {[%clk 0:00:48]} 56. gxf5
{[%clk 0:00:46]} Ra1 {[%clk 0:00:57]} 57. Kg6 {[%clk 0:00:51]} a5
{[%clk 0:00:33]} 58. Rb8+ {[%clk 0:00:44]} Ke7 {[%clk 0:00:42]} 59. f6+
{[%clk 0:00:53]} Ke6 {[%clk 0:00:40]} 60. Re8+ {[%clk 0:00:53]} Kd7
{[%clk 0:00:49]} 61. f7 {[%clk 0:01:01]} Rg1+ {[%clk 0:00:47]} 62. Kh5
{[%clk 0:01:05]} Rf1 {[%clk 0:00:56]} 63. f8=Q {[%clk 0:01:13]} Rxf8
{[%clk 0:01:04]} 64. Rxf8 {[%clk 0:01:21]} Kc6 65. Rf5 Kb6 {[%clk 0:01:09]} 66.
Kg4 a4 67. Kg3 {[%clk 0:01:14]} a3 {[%clk 0:01:15]} 68. Rf3 {[%clk 0:01:22]} 1-0

[Event "c14"]
[Site "?"]
[Date "2020.08.25"]
[Round "3.1"]
[White "Janeczko, Jakub"]
[Black "Klimkowski, Jan"]
[Result "0-1"]
[BlackElo "1998"]
[WhiteElo "1661"]
[LiveChessVersion "1.4.8"]

1. e4 c5 2. d3 g6 3. g3 Bg7 4. Bg2 e6 5. f4 Ne7 6. Nf3 O-O 7. O-O d5 8. c3 b6 9.
e5 Ba6 10. Na3 Nbc6 11. Nc2 Rc8 12. Be3 f6 13. exf6 Bxf6 14. Bf2 Qd6 15. Bh3 Nf5
16. g4 Ng7 17. Bg3 Qd7 18. Re1 Be7 19. Qd2 Bd6 20. Ne5 Nxe5 21. fxe5 Be7 22. a4
Rf3 23. Bf1 Rcf8 24. Be2 R3f7 25. Rf1 Rxf1+ 26. Bxf1 Qd8 27. Bf4 Bh4 28. Bg2 Bxd3
29. Qxd3 Rxf4 30. h3 Qg5 31. Qa6 h5 32. Rf1 hxg4 33. Rxf4 Qxf4 34. Qf1 Qd2 0-1

[Event "c14"]
[Site "?"]
[Date "2020.08.25"]
[Round "3.2"]
[White "Karolczuk, Iwo"]
[Black "Herwy, Jakub"]
[Result "1-0"]
[BlackElo "1615"]
[WhiteElo "1951"]
[LiveChessVersion "1.4.8"]

1. e4 c5 2. Nf3 e6 3. b3 b6 4. Bd3 Bb7 5. O-O Qc7 6. Bb2 Nf6 7. e5 Nd5 8. Re1 d6
9. exd6 Bxd6 10. Nc3 Nxc3 11. Bxc3 Nd7 12. h3 Nf6 13. a4 a6 14. Bxf6 gxf6 15. Be4
Bxe4 16. Rxe4 f5 17. Re1 O-O-O 18. Qe2 Kb7 19. c4 a5 20. Rad1 Rhg8 21. d4 Rg6 22.
Kh1 Rdg8 23. Rg1 cxd4 24. Nxd4 Bh2 25. Qf3+ Ka6 26. Nb5 Qb8 27. Rd7 Bxg1 28. Nc7+
Ka7 29. Qc6 Rd8 30. Re7 Qc8 31. Nb5+ Kb8 32. Qxb6+ Ka8 33. Ra7# 1-0